000 00301nam a22001337a 4500
008 170331b xxu||||| |||| 00| 0 eng d
020 _a0721614625
041 _aeng
080 _a617
100 _a8
101 _aSHM
245 _aDIAGNOSIS OF BONE AND JOINT DISORDERS
_cRESNICK.D
942 _2udc
_cBK
999 _c9291
_d9291